000 00345cam a2200157ua 4500
001 6146
008 120418n II |||gr||||Z||||||asm
040 _aMAIN
041 _aEnglish
082 _a891.453 RAH
100 _aASOM SAHITIYA SABHA .
245 _aRAHAR RAHDOI
260 _aJORHAT
_bAXOM SAHITYA SABHA
653 _aGalpa
942 _cBK
999 _c6131
_d6131